Quality Development of Semisolid Dermal Drug Delivery Systems

Elmentve itt :
Bibliográfiai részletek
Szerző: Csányi Erzsébet
További közreműködők: Fülöp Ferenc (Témavezető)
Dokumentumtípus: Disszertáció
Megjelent: 2004
Tárgyszavak:
mtmt:30729279
Online Access:http://doktori.ek.szte.hu/122
LEADER 00849nta a2200205 i 4500
001 dokt122
005 20201111115105.0
008 100512s2004 hu om 0|| eng d
024 7 |a 30729279  |2 mtmt 
040 |a SZTE Doktori Repozitórium  |b hun 
041 |a eng 
100 1 |a Csányi Erzsébet 
245 1 0 |a Quality Development of Semisolid Dermal Drug Delivery Systems  |h [elektronikus dokumentum] /  |c  Csányi Erzsébet 
260 |c 2004 
502 |a Disszertacio 
650 4 |a gyógyszerészeti tudományok 
700 1 |a Fülöp Ferenc  |e ths 
856 4 0 |u https://doktori.bibl.u-szeged.hu/id/eprint/122/1/de_1426.pdf  |z Dokumentum-elérés  
856 4 0 |u https://doktori.bibl.u-szeged.hu/id/eprint/122/2/tz_eredeti1426.pdf  |z Dokumentum-elérés  
856 4 0 |u https://doktori.bibl.u-szeged.hu/id/eprint/122/8/2004_csanyi_erzsebet_publikaciok.pdf  |z Dokumentum-elérés